000 00680nam a2200253Ia 4500
003 OSt
005 20221005073425.0
006 a|||||r|||| 00| 0
007 ta
008 221004b |||||||| |||| 00| 0 eng d
024 _a60868
037 _cTextual
040 _aCRL
_cCRL
_beng
041 _2eng
_aeng
082 _aU8.4g7H, M5
100 _aAhluwalia H P S
_919753
245 0 _aHimalaya
_b A practical guide
260 _aNew Delhi
_bHimalayan India
_c1985
300 _a469p.
_ccm.
650 _aGEOGRAPHY
700 _a Gerner Manfred
_9302372
942 _hU8.4g7H, M5
_cTEXL
_2cc
999 _c981091
_d981091